[Event "4NCL/Div4/NOTT2 vs. PONTY"]
[Site "Nottingham ENG"]
[Date "2006.02.11"]
[Round "5.5"]
[White "Wright, Antony J"]
[Black "Lobo, Robert J"]
[Result "1-0"]
[WhiteElo "1920"]
[BlackElo "1565"]
[PlyCount "95"]
[EventDate "2006.02.11"]
[SourceDate "2005.10.25"]

1. c4 e5 2. Nc3 Nf6 3. d3 Bb4 4. Bd2 Nc6 5. a3 Bxc3 6. Bxc3 e4 7. dxe4 Nxe4 8.
Bxg7 Rg8 9. Bd4 Rg4 10. Nf3 Nxd4 11. Qxd4 Qf6 12. e3 c5 13. Qxf6 Nxf6 14. h3
Rg7 15. Nh4 d5 16. cxd5 Nxd5 17. Bb5+ Ke7 18. O-O-O Nc7 19. Bd3 Be6 20. Rhg1
Rag8 21. g4 h5 22. Nf5+ Bxf5 23. Bxf5 hxg4 24. Rd7+ Kf6 25. hxg4 Rg5 26. Rh1
Rc8 27. Rxf7+ Kxf7 28. Bxc8 Nd5 29. Rh7+ Kg6 30. Rxb7 Nb6 31. Bf5+ Kf6 32. Rxa7
Rg7 33. Rxg7 Kxg7 34. Kc2 Nc4 35. Kc3 Ne5 36. f4 Nc6 37. Kc4 Na5+ 38. Kxc5 Nb3+
39. Kd6 Kf6 40. e4 Nd4 41. e5+ Kf7 42. e6+ Ke8 43. Bg6+ Kf8 44. e7+ Kg7 45.
e8=Q Nb5+ 46. Ke5 Nxa3 47. Qf7+ Kh8 48. Qh7# 1-0

[Event "4NCL/Div4/NOTT2 vs. PONTY"]
[Site "Nottingham ENG"]
[Date "2006.02.11"]
[Round "5.6"]
[White "Warden, Peter"]
[Black "Graham, Neil"]
[Result "0-1"]
[WhiteElo "1378"]
[BlackElo "1930"]
[PlyCount "92"]
[EventDate "2006.02.11"]
[SourceDate "2005.10.25"]

1. e4 e5 2. Nf3 Nf6 3. Nc3 Bb4 4. Nd5 Nxd5 5. exd5 e4 6. Qe2 O-O 7. Nd4 Re8 8.
c3 Bc5 9. Qc4 b6 10. b4 Ba6 11. b5 Bb7 12. Be2 Qg5 13. Bb2 Bxd5 14. Qa4 d6 15.
c4 Bb7 16. Qb3 Qf6 17. Qe3 Nd7 18. O-O-O a6 19. Qc3 Bxd4 20. Qxd4 Qxd4 21. Bxd4
axb5 22. Kb2 bxc4 23. Rc1 c5 24. Be3 d5 25. Bf4 Ne5 26. Bxe5 Rxe5 27. Rc3 b5
28. Ra3 Rxa3 29. Kxa3 Re6 30. Kb2 g6 31. h4 d4 32. Rh3 Ra6 33. Rg3 Bd5 34. a3
d3 35. Bd1 b4 36. axb4 cxb4 37. Rg5 f5 38. h5 c3+ 39. dxc3 Ra2+ 40. Kb1 bxc3
41. hxg6 Rb2+ 42. Ka1 Rxf2 43. gxh7+ Kxh7 44. Rh5+ Kg7 45. Rh1 Ra2+ 46. Kb1 c2+
0-1

[Event "4NCL/Div4/ATH2 vs. HAL"]
[Site "Nottingham ENG"]
[Date "2006.02.11"]
[Round "5.1"]
[White "Kay, Jonathan"]
[Black "Pugh, Glyn"]
[Result "1-0"]
[WhiteElo "1940"]
[BlackElo "2080"]
[PlyCount "81"]
[EventDate "2006.02.11"]
[EventType "team"]
[EventRounds "11"]
[EventCountry "ENG"]
[SourceDate "2005.10.25"]

1. e4 e5 2. Nf3 d6 3. Nc3 f5 4. d4 fxe4 5. Nxe4 Bf5 6. Ng3 Bg6 7. dxe5 Nc6 8.
exd6 Bxd6 9. Bd3 Nge7 10. O-O O-O 11. Bxg6 Nxg6 12. Ng5 Bxg3 13. Qh5 Bxh2+ 14.
Qxh2 h6 15. Ne6 Qe7 16. Nxf8 Rxf8 17. c3 Nce5 18. Qg3 Nh4 19. Bxh6 Qf6 20. f4
Nef3+ 21. gxf3 Qxh6 22. Rad1 Nf5 23. Qg5 Qb6+ 24. Rf2 Rf6 25. Rd8+ Kf7 26. Kf1
Qb5+ 27. Re2 Rg6 28. Rf8+ Kxf8 29. Qxg6 Nd6 30. Qg5 Qd7 31. Qh5 Nf5 32. Kf2 a6
33. Qg6 Nd6 34. Qe6 Qd8 35. Kg3 b5 36. Rh2 Nf7 37. Qxa6 Nh6 38. Rxh6 gxh6 39.
Qxh6+ Kf7 40. Qh7+ Ke6 41. Qg6+ 1-0

[Event "4NCL/Div4/ATH2 vs. HAL"]
[Site "Nottingham ENG"]
[Date "2006.02.11"]
[Round "5.2"]
[White "Tarr, Steve"]
[Black "Aniecko, Colin"]
[Result "1-0"]
[WhiteElo "1940"]
[BlackElo "1855"]
[PlyCount "59"]
[EventDate "2006.02.11"]
[EventType "team"]
[EventRounds "11"]
[EventCountry "ENG"]
[SourceDate "2005.10.25"]

1. d4 d5 2. Nf3 Bf5 3. Bf4 e6 4. e3 Bd6 5. Ne5 f6 6. Nd3 Bxd3 7. Bxd3 f5 8. O-O
h5 9. Be2 g6 10. Nd2 Nc6 11. Nf3 Qe7 12. Bb5 a6 13. Bxc6+ bxc6 14. Ne5 Bxe5 15.
Bxe5 Nf6 16. c4 Kf7 17. Qa4 Qd7 18. Rac1 Rhc8 19. Rc2 h4 20. Rfc1 h3 21. cxd5
Qxd5 22. gxh3 Nd7 23. Rxc6 Nxe5 24. dxe5 Qxe5 25. Qh4 Ra7 26. Qh7+ Kf6 27. Qd7
Rh8 28. Rxc7 Rxc7 29. Rxc7 Kg5 30. f4+ 1-0

[Event "4NCL/Div4/ATH2 vs. HAL"]
[Site "Nottingham ENG"]
[Date "2006.02.11"]
[Round "5.3"]
[White "Wilson, David"]
[Black "Ambrose, Andy"]
[Result "0-1"]
[WhiteElo "1765"]
[BlackElo "1920"]
[PlyCount "102"]
[EventDate "2006.02.11"]
[EventType "team"]
[EventRounds "11"]
[EventCountry "ENG"]
[SourceDate "2005.10.25"]

1. e4 d6 2. d4 Nf6 3. Nc3 g6 4. Bc4 Bg7 5. Nf3 O-O 6. Bg5 Nxe4 7. Bxf7+ Rxf7 8.
Nxe4 Bg4 9. h3 Bxf3 10. gxf3 Qd7 11. c3 Qf5 12. h4 Nc6 13. Ng3 Qxf3 14. Qxf3
Rxf3 15. h5 h6 16. Be3 g5 17. Nf1 e6 18. Nh2 Rf5 19. Ng4 Ne7 20. O-O-O Nd5 21.
Rdf1 Raf8 22. Bd2 Nf4 23. Kd1 Nd3 24. b3 Nxf2+ 25. Rxf2 Rxf2 26. Nxf2 Rxf2 27.
Ke1 Rf5 28. Ke2 Kf7 29. Rg1 e5 30. dxe5 Bxe5 31. Rg4 Ke6 32. Rc4 c5 33. a4 Bf4
34. Re4+ Re5 35. Rxe5+ Kxe5 36. Be1 Kf5 37. Bf2 Kg4 38. b4 b6 39. bxc5 dxc5 40.
a5 Kxh5 41. axb6 axb6 42. c4 Kg4 43. Kf1 Kf3 44. Bxc5 bxc5 45. Kg1 h5 46. Kf1
g4 47. Kg1 h4 48. Kh1 g3 49. Kg1 Be3+ 50. Kf1 g2+ 51. Ke1 g1=Q# 0-1

[Event "4NCL/Div4/ATH2 vs. HAL"]
[Site "Nottingham ENG"]
[Date "2006.02.11"]
[Round "5.4"]
[White "Banks, Peter"]
[Black "Sant, Maria"]
[Result "1-0"]
[WhiteElo "1775"]
[BlackElo "1435"]
[PlyCount "35"]
[EventDate "2006.02.11"]
[EventType "team"]
[EventRounds "11"]
[EventCountry "ENG"]
[SourceDate "2005.10.25"]

1. e4 d5 2. exd5 Qxd5 3. Nc3 Qa5 4. d4 Nf6 5. Bd2 Qb6 6. Nf3 Nbd7 7. Bc4 e6 8.
O-O Bd6 9. d5 c6 10. dxe6 fxe6 11. Bxe6 Nc5 12. Bb3 Nxb3 13. Re1+ Kd7 14. axb3
Bc5 15. Bf4+ Nd5 16. Ne5+ Kd8 17. Nf7+ Kd7 18. Qg4# 1-0

[Event "4NCL/Div4/CHED vs. SUFFP"]
[Site "Nottingham ENG"]
[Date "2006.02.11"]
[Round "5.1"]
[White "Bellin, Robert"]
[Black "Munson, Shaun D"]
[Result "1-0"]
[WhiteElo "2376"]
[BlackElo "2225"]
[PlyCount "55"]
[EventDate "2006.02.11"]
[SourceDate "2005.10.25"]

1. e4 c5 2. Nf3 Nc6 3. d4 cxd4 4. Nxd4 e5 5. Nb5 d6 6. N1c3 a6 7. Na3 b5 8. Nd5
Be7 9. c4 b4 10. Nc2 Rb8 11. g3 Nf6 12. Bg2 O-O 13. b3 Nd7 14. O-O Nc5 15. Be3
a5 16. Qd2 Qd7 17. Rad1 Rd8 18. Qc1 Qb7 19. f4 Bg4 20. Rd2 exf4 21. gxf4 Bh4
22. e5 Qc8 23. exd6 Nd7 24. Nc7 Qb7 25. Nd4 Nxd4 26. Bxb7 Ne2+ 27. Rxe2 Bxe2
28. Bf2 1-0

[Event "4NCL/Div4/CHED vs. SUFFP"]
[Site "Nottingham ENG"]
[Date "2006.02.11"]
[Round "5.2"]
[White "Gregory, Stephen J"]
[Black "Smith, Alan A"]
[Result "0-1"]
[WhiteElo "2155"]
[BlackElo "2260"]
[PlyCount "78"]
[EventDate "2006.02.11"]
[SourceDate "2005.10.25"]

1. e4 c5 2. Nf3 e6 3. d3 Nc6 4. g3 g6 5. Bg2 Bg7 6. O-O Nge7 7. c3 d5 8. Be3 b6
9. Qc1 h6 10. Na3 Bb7 11. h3 Qd7 12. Rb1 Rc8 13. Kh2 d4 14. Bd2 dxc3 15. Bxc3
Nd4 16. Qd2 Nec6 17. Nc4 O-O 18. Nh4 g5 19. Nf3 Rcd8 20. Ne1 e5 21. Ne3 Ne7 22.
b4 Nb5 23. Bb2 Rc8 24. bxc5 Rxc5 25. Rc1 Rxc1 26. Qxc1 Rc8 27. Qd1 Nd4 28. h4
Qb5 29. Bxd4 exd4 30. Nc4 Qc5 31. hxg5 hxg5 32. Qh5 Rc6 33. Bh3 Rh6 34. Qf3 g4
35. Qxg4 Bc8 36. Qf4 Bxh3 37. Rh1 Be6+ 38. Kg2 Rxh1 39. Kxh1 Bxc4 0-1

[Event "4NCL/Div4/CHED vs. SUFFP"]
[Site "Nottingham ENG"]
[Date "2006.02.11"]
[Round "5.3"]
[White "Shaw, Robert"]
[Black "Gray, Mark S"]
[Result "1-0"]
[WhiteElo "2240"]
[BlackElo "2105"]
[PlyCount "73"]
[EventDate "2006.02.11"]
[SourceDate "2005.10.25"]

1. d4 Nf6 2. c4 e6 3. Nc3 d5 4. Bg5 Be7 5. cxd5 exd5 6. Qc2 O-O 7. e3 c6 8. Bd3
h6 9. Bh4 Be6 10. Nge2 Nbd7 11. O-O a5 12. a3 Nh5 13. Bxe7 Qxe7 14. Rab1 Rfc8
15. Rfc1 Nhf6 16. Na4 Qd6 17. Ng3 Qb8 18. b4 axb4 19. axb4 Qa7 20. Nc5 Nxc5 21.
bxc5 Rcb8 22. Nf5 Ne8 23. h3 Kf8 24. Nh4 Qa5 25. Nf3 Nf6 26. Ne5 Nd7 27. Nxd7+
Bxd7 28. Rb6 Ke8 29. Rcb1 Ra7 30. Bf5 g6 31. Bxd7+ Kxd7 32. Qe2 Kc7 33. Qf3 Rf8
34. Qf6 Kc8 35. Qd6 Rd8 36. Rxc6+ bxc6 37. Rb8# 1-0

[Event "4NCL/Div4/CHED vs. SUFFP"]
[Site "Nottingham ENG"]
[Date "2006.02.11"]
[Round "5.4"]
[White "Wallis, Ian"]
[Black "Wallace, Paul"]
[Result "1/2-1/2"]
[WhiteElo "2100"]
[BlackElo "2235"]
[PlyCount "53"]
[EventDate "2006.02.11"]
[SourceDate "2005.10.25"]

1. e4 e5 2. Nf3 Nc6 3. Bb5 f5 4. Nc3 fxe4 5. Nxe4 d5 6. Nxe5 dxe4 7. Nxc6 Qd5
8. c4 Qd6 9. Qh5+ g6 10. Qe5+ Qxe5 11. Nxe5+ c6 12. Ba4 Bg7 13. f4 exf3 14.
Nxf3 Bg4 15. O-O O-O-O 16. Bd1 Nh6 17. a4 Rhe8 18. Ra3 Bf8 19. Re3 Bc5 20. d4
Rxe3 21. Bxe3 Nf5 22. Bf2 Bxf3 23. Bxf3 Bxd4 24. Bg4 Bxb2 25. Bxa7 Bd4+ 26.
Bxd4 Rxd4 27. Bxf5+ 1/2-1/2

[Event "4NCL/Div4/CHED vs. SUFFP"]
[Site "Nottingham ENG"]
[Date "2006.02.11"]
[Round "5.5"]
[White "Gilmore, Simon N"]
[Black "Ruthen, Steven"]
[Result "1-0"]
[WhiteElo "2140"]
[BlackElo "2075"]
[PlyCount "43"]
[EventDate "2006.02.11"]
[SourceDate "2005.10.25"]

1. e4 e5 2. Nf3 Nc6 3. d4 exd4 4. Nxd4 Qh4 5. Nc3 Bb4 6. Ndb5 Qxe4+ 7. Be2
Bxc3+ 8. bxc3 Kd8 9. O-O a6 10. Nd4 Nge7 11. Bf3 Qg6 12. Bf4 d6 13. Rb1 Qf6 14.
Qd2 h6 15. Rfe1 Nxd4 16. cxd4 Ng6 17. Bg3 Rb8 18. c4 Qg5 19. Qc3 f5 20. c5 f4
21. cxd6 c6 22. h4 1-0

[Event "4NCL/Div4/CHED vs. SUFFP"]
[Site "Nottingham ENG"]
[Date "2006.02.11"]
[Round "5.6"]
[White "Feavyour, John"]
[Black "Buxton, David E"]
[Result "1-0"]
[WhiteElo "2035"]
[BlackElo "2110"]
[PlyCount "125"]
[EventDate "2006.02.11"]
[SourceDate "2005.10.25"]

1. d4 Nf6 2. c4 g6 3. Nc3 d5 4. Bf4 Bg7 5. e3 e6 6. Nf3 O-O 7. Be2 a6 8. O-O
dxc4 9. Bxc4 b5 10. Bd3 Bb7 11. Rc1 Nbd7 12. b4 Nh5 13. Bg5 Bf6 14. Bxf6 Nhxf6
15. e4 Qe7 16. a3 Rfd8 17. Qe2 Nb6 18. h3 Rd7 19. Rfd1 Rad8 20. Qe3 Ne8 21. Ne2
f6 22. Nd2 Na4 23. Rc2 Nd6 24. Nb3 c6 25. Na5 Rc7 26. Rdc1 Qd7 27. d5 exd5 28.
exd5 Rdc8 29. Qe6+ Qxe6 30. dxe6 c5 31. Nxb7 Nxb7 32. Nf4 Nb6 33. Be4 c4 34.
Rd1 Re8 35. Bxb7 Rxb7 36. Rd6 Kf8 37. h4 g5 38. hxg5 fxg5 39. Nh3 Ke7 40. Rc6
h6 41. f4 g4 42. Nf2 Nd5 43. g3 h5 44. Ne4 Rb6 45. Rxb6 Nxb6 46. Nc5 Rd8 47.
Kf2 Nd5 48. Nxa6 Ra8 49. Rd2 Nf6 50. Nc5 Rxa3 51. Re2 Nd5 52. Rd2 Nf6 53. Re2
c3 54. f5 Ra1 55. Rc2 Nd5 56. f6+ Kxf6 57. Ne4+ Kxe6 58. Nxc3 Nxb4 59. Re2+ Kf5
60. Nxb5 Rd1 61. Nc3 Nd3+ 62. Ke3 Ne5 63. Nxd1 1-0

[Event "4NCL/Div4/MET vs. 3CS2"]
[Site "Nottingham ENG"]
[Date "2006.02.11"]
[Round "5.1"]
[White "Noden, Nicolas"]
[Black "Plant, Paul"]
[Result "0-1"]
[WhiteElo "2150"]
[BlackElo "2185"]
[PlyCount "80"]
[EventDate "2006.02.11"]
[SourceDate "2005.10.25"]

1. c4 c6 2. g3 d5 3. Bg2 Nf6 4. Nf3 Bf5 5. cxd5 cxd5 6. Qb3 Qb6 7. Qxb6 axb6 8.
Nc3 Bd7 9. d3 e6 10. Bf4 Nc6 11. O-O Bc5 12. Nb5 O-O 13. Nd6 Nh5 14. Nb5 Nxf4
15. gxf4 Ra4 16. e3 Rb4 17. Nc3 Rxb2 18. d4 Ba3 19. Rab1 Ra8 20. Nb5 Rxb1 21.
Rxb1 Be7 22. Rb2 Nb4 23. Bf1 Rxa2 24. Rxa2 Nxa2 25. Ne5 Bxb5 26. Bxb5 Nc3 27.
Bd7 b5 28. Nd3 b4 29. Nc1 Bh4 30. f5 exf5 31. Bxf5 Nd1 32. Kf1 Nxf2 33. Bc8 b6
34. Bb7 Nd1 35. Ke2 Nc3+ 36. Kd3 Bg5 37. Kd2 Kf8 38. Ne2 Ne4+ 39. Kd3 Nf2+ 40.
Kc2 Ng4 0-1

[Event "4NCL/Div4/MET vs. 3CS2"]
[Site "Nottingham ENG"]
[Date "2006.02.11"]
[Round "5.2"]
[White "Tompson, John C"]
[Black "Calvert, D Ian"]
[Result "1/2-1/2"]
[WhiteElo "2050"]
[BlackElo "2075"]
[PlyCount "45"]
[EventDate "2006.02.11"]
[SourceDate "2005.10.25"]

1. e4 d5 2. exd5 Qxd5 3. Nc3 Qd6 4. Nf3 Nf6 5. Bc4 a6 6. Qe2 Nc6 7. h3 b5 8.
Bb3 Bb7 9. d3 Nd4 10. Nxd4 Qxd4 11. O-O e6 12. Re1 Be7 13. Ne4 Nxe4 14. dxe4
O-O 15. Qh5 Qf6 16. e5 Qg6 17. Qxg6 hxg6 18. Be3 c5 19. c4 Rfd8 20. Red1 Kf8
21. Rac1 Rxd1+ 22. Rxd1 Ke8 23. Bc1 1/2-1/2

[Event "4NCL/Div4/MET vs. 3CS2"]
[Site "Nottingham ENG"]
[Date "2006.02.11"]
[Round "5.3"]
[White "Dickson, George"]
[Black "Lysons, John"]
[Result "1-0"]
[WhiteElo "2090"]
[BlackElo "1950"]
[PlyCount "65"]
[EventDate "2006.02.11"]
[SourceDate "2005.10.25"]

1. e4 d5 2. exd5 Qxd5 3. Nc3 Qa5 4. d4 c6 5. Nf3 Nf6 6. Bd3 Bg4 7. O-O e6 8. h3
Bxf3 9. Qxf3 Nbd7 10. Bf4 Be7 11. Ne4 Nxe4 12. Bxe4 O-O 13. c4 Nf6 14. Bc2 Rad8
15. Be5 c5 16. d5 exd5 17. Bxf6 Bxf6 18. Qf5 g6 19. Qxf6 Qd2 20. Rac1 d4 21.
Rfd1 Qb4 22. Bd3 Qxb2 23. Rb1 Qxa2 24. Rxb7 Rde8 25. Qc6 Qa3 26. Qf3 a5 27. h4
Re5 28. Qf4 Qa4 29. Rdb1 Qe8 30. Rb8 Qe7 31. Rxf8+ Kxf8 32. Qh6+ Kg8 33. Rb8+
1-0

[Event "4NCL/Div4/MET vs. 3CS2"]
[Site "Nottingham ENG"]
[Date "2006.02.11"]
[Round "5.4"]
[White "Glover, Richard"]
[Black "Djabri, Zafer M"]
[Result "0-1"]
[WhiteElo "1965"]
[BlackElo "2080"]
[PlyCount "48"]
[EventDate "2006.02.11"]
[SourceDate "2005.10.25"]

1. e4 c5 2. Nf3 Nc6 3. Bb5 g6 4. c3 Bg7 5. d3 Qb6 6. Ba4 e6 7. Qe2 Nge7 8. O-O
O-O 9. Na3 d5 10. Kh1 Qa5 11. Bxc6 Nxc6 12. Ng5 b5 13. f4 b4 14. cxb4 cxb4 15.
Nc2 Ba6 16. f5 Ne5 17. Ne1 dxe4 18. f6 exd3 19. Qf2 Bh8 20. Nxh7 Kxh7 21. Bh6
Ng4 22. Qh4 Nxh6 23. g4 Bb7+ 24. Nf3 g5 0-1

[Event "4NCL/Div4/MET vs. 3CS2"]
[Site "Nottingham ENG"]
[Date "2006.02.11"]
[Round "5.5"]
[White "Djabri, Katherine"]
[Black "Hazlehurst, Cory"]
[Result "1-0"]
[WhiteElo "2065"]
[BlackElo "1945"]
[PlyCount "53"]
[EventDate "2006.02.11"]
[SourceDate "2005.10.25"]

1. e4 c6 2. d4 d5 3. exd5 cxd5 4. c4 Nf6 5. Nc3 e6 6. Nf3 Be7 7. Bf4 O-O 8. Bd3
b6 9. O-O Bb7 10. Re1 Nbd7 11. Qb3 dxc4 12. Bxc4 Nh5 13. Bg3 Nxg3 14. hxg3 Nf6
15. Rad1 Re8 16. Bxe6 Bxf3 17. Bxf7+ Kh8 18. gxf3 Rf8 19. Kg2 Qc7 20. Bd5 Rad8
21. Be4 a6 22. Bb1 Bd6 23. Rh1 Rf7 24. Bg6 Rfd7 25. Ne4 h6 26. Nxf6 gxf6 27.
Rxh6+ 1-0

[Event "4NCL/Div4/MET vs. 3CS2"]
[Site "Nottingham ENG"]
[Date "2006.02.11"]
[Round "5.6"]
[White "Compston, Michael"]
[Black "Cooke, Charlie"]
[Result "1/2-1/2"]
[WhiteElo "1895"]
[BlackElo "1880"]
[PlyCount "110"]
[EventDate "2006.02.11"]
[SourceDate "2005.10.25"]

1. e4 e5 2. Nf3 Nf6 3. d3 Nc6 4. Be2 d6 5. c3 Be7 6. Nbd2 O-O 7. O-O b6 8. Re1
Bb7 9. Nf1 Qd7 10. Bg5 Ne8 11. Bxe7 Qxe7 12. Ne3 Nf6 13. Nf5 Qd7 14. Bf1 Rfe8
15. Qc2 Ne7 16. Ng3 a6 17. Rad1 Rad8 18. h3 Qc8 19. Qb3 h6 20. d4 Ng6 21. d5
Rf8 22. Qc2 Kh8 23. Kh2 Ng8 24. Nf5 N8e7 25. Nxe7 Nxe7 26. Bd3 f5 27. b4 Rf6
28. c4 Rdf8 29. c5 Qb8 30. c6 Bc8 31. Re2 fxe4 32. Bxe4 Bf5 33. Bxf5 Rxf5 34.
Qa4 Qc8 35. b5 a5 36. Qg4 Qe8 37. Rdd2 Rf4 38. Qe6 R4f6 39. Qg4 Rg6 40. Qe4 Rf4
41. Qe3 Rb4 42. Nxe5 Rf6 43. Nd7 Rf7 44. Rb2 Rxb2 45. Rxb2 Kh7 46. Qe4+ Kh8 47.
Re2 Qg8 48. Qe6 Kh7 49. a4 Kh8 50. Nb8 Kh7 51. Na6 Ng6 52. Qe4 Rf4 53. Qe8 Qf7
54. Qxf7 Rxf7 55. Kg3 Nf4 1/2-1/2

[Event "4NCL/Div4/CONQ vs. OXF2"]
[Site "Nottingham ENG"]
[Date "2006.02.11"]
[Round "5.2"]
[White "Duggan, Chris"]
[Black "Prizant, Michael"]
[Result "1-0"]
[WhiteElo "2035"]
[BlackElo "2135"]
[PlyCount "41"]
[EventDate "2006.02.11"]
[SourceDate "2005.10.25"]

1. e4 c5 2. Nf3 g6 3. c3 Bg7 4. d4 cxd4 5. cxd4 d5 6. e5 Nc6 7. Qb3 Nh6 8. Bd3
O-O 9. Nc3 Bg4 10. Be3 Bxf3 11. gxf3 e6 12. Qxb7 Rc8 13. h4 f6 14. h5 Rf7 15.
Qb3 g5 16. Rg1 fxe5 17. dxe5 Nxe5 18. Be2 Nxf3+ 19. Bxf3 Rxf3 20. Bxg5 Qb6 21.
Qxb6 1-0

[Event "4NCL/Div4/CONQ vs. OXF2"]
[Site "Nottingham ENG"]
[Date "2006.02.11"]
[Round "5.3"]
[White "Stockwell, Mark B"]
[Black "Rawlinson, Christopher J"]
[Result "1/2-1/2"]
[WhiteElo "2210"]
[BlackElo "2055"]
[PlyCount "72"]
[EventDate "2006.02.11"]
[SourceDate "2005.10.25"]

1. Nf3 e6 2. c4 b6 3. g3 Bb7 4. Bg2 f5 5. O-O Nf6 6. Nc3 Bb4 7. Qc2 O-O 8. a3
Bxc3 9. Qxc3 d6 10. b4 Nbd7 11. Bb2 Qe7 12. d3 e5 13. Rfe1 Rae8 14. Nxe5 Nxe5
15. Bxb7 c6 16. d4 Qxb7 17. dxe5 dxe5 18. Rad1 Ne4 19. Qd3 Rf7 20. f3 Ng5 21.
Bxe5 Rfe7 22. Bd6 Re3 23. Qd2 Qf7 24. Be5 Nh3+ 25. Kg2 R8xe5 26. Kxh3 Qxc4 27.
Qd8+ Re8 28. Qd7 f4 29. Rd4 Qc3 30. Rxf4 R3e7 31. Qd1 Qxa3 32. Qd4 h6 33. e4
Re5 34. Ra1 Rh5+ 35. Kg4 Rg5+ 36. Kh3 Rh5+ 1/2-1/2

[Event "4NCL/Div4/CONQ vs. OXF2"]
[Site "Nottingham ENG"]
[Date "2006.02.11"]
[Round "5.4"]
[White "Ludbrook, Matt"]
[Black "Foster, James C"]
[Result "1-0"]
[WhiteElo "2050"]
[BlackElo "1950"]
[PlyCount "49"]
[EventDate "2006.02.11"]
[SourceDate "2005.10.25"]

1. e4 d5 2. exd5 Qxd5 3. Nc3 Qa5 4. Be2 Nf6 5. a3 c6 6. b4 Qc7 7. Bb2 Bf5 8.
Nf3 Nbd7 9. O-O e6 10. Re1 Bd6 11. d4 O-O 12. Na4 Nd5 13. g3 Ne3 14. fxe3 Bxg3
15. hxg3 Qxg3+ 16. Kh1 Be4 17. Rf1 Nf6 18. Nc3 Qh3+ 19. Kg1 Ng4 20. Nxe4 Nxe3
21. Kf2 Nxd1+ 22. Raxd1 a5 23. Rh1 Qf5 24. Bd3 Qd5 25. Nf6+ 1-0

[Event "4NCL/Div4/CONQ vs. OXF2"]
[Site "Nottingham ENG"]
[Date "2006.02.11"]
[Round "5.5"]
[White "Cork, David J"]
[Black "Morris, Graham"]
[Result "0-1"]
[WhiteElo "1955"]
[BlackElo "2025"]
[PlyCount "34"]
[EventDate "2006.02.11"]
[SourceDate "2005.10.25"]

1. e4 c5 2. Nf3 d6 3. d4 cxd4 4. Nxd4 Nf6 5. Nc3 e6 6. f3 Be7 7. Be3 a6 8. Qd2
Qc7 9. O-O-O Nc6 10. g4 b5 11. Be2 Bb7 12. h4 Rc8 13. h5 b4 14. Nb1 Nxd4 15.
Bxd4 Nxe4 16. fxe4 Bg5 17. Bxg7 Qxc2# 0-1

[Event "4NCL/Div4/MONM vs. SLOS4"]
[Site "Nottingham ENG"]
[Date "2006.02.11"]
[Round "5.1"]
[White "Varley, Peter"]
[Black "Cox, Tristan"]
[Result "1-0"]
[WhiteElo "2172"]
[BlackElo "2095"]
[PlyCount "59"]
[EventDate "2006.02.11"]
[SourceDate "2005.10.25"]

1. e3 Nf6 2. Nf3 g6 3. d4 d5 4. c4 Bg7 5. cxd5 Nxd5 6. e4 Nb6 7. Nc3 O-O 8. Be3
Bg4 9. Qd2 Bxf3 10. gxf3 Nc6 11. Rd1 e5 12. d5 Nd4 13. Bxd4 exd4 14. Nb5 Qf6
15. Nxd4 c5 16. Ne2 Qxf3 17. Ng3 Bd4 18. Bd3 Nxd5 19. exd5 Rfe8+ 20. Kf1 Bxf2
21. Be2 Qf6 22. Kg2 Be3 23. Qc2 Qf2+ 24. Kh3 Bd4 25. Rhf1 Qe3 26. Bf3 h5 27.
Qd2 Qe5 28. Rde1 Qd6 29. Ne4 Qd7+ 30. Kg2 1-0

[Event "4NCL/Div4/MONM vs. SLOS4"]
[Site "Nottingham ENG"]
[Date "2006.02.11"]
[Round "5.2"]
[White "Payne, Nick"]
[Black "Thomas, Joseff"]
[Result "0-1"]
[WhiteElo "2090"]
[BlackElo "2025"]
[PlyCount "86"]
[EventDate "2006.02.11"]
[SourceDate "2005.10.25"]

1. e4 e5 2. Nf3 Nc6 3. Bc4 Bc5 4. d3 Nf6 5. Nc3 d6 6. h3 Be6 7. Be3 Bxe3 8.
fxe3 Bxc4 9. dxc4 Qd7 10. Qe2 O-O-O 11. O-O-O Qe8 12. g4 h6 13. Nh4 Na5 14. b3
Kb8 15. Rhf1 Qe6 16. Qf3 Nxc4 17. bxc4 Qxc4 18. Rd3 d5 19. Rfd1 Rd6 20. Nf5
dxe4 21. Nxd6 cxd6 22. Nxe4 Nxe4 23. Rxd6 Nxd6 24. Rxd6 Rc8 25. Qf5 e4 26. Rd2
Qc3 27. Qf4+ Ka8 28. Kd1 Qc4 29. Qf5 a6 30. Ke1 g6 31. Qe5 Qc3 32. Qxe4 Rd8 33.
Qg2 Qxe3+ 34. Kd1 Qxd2+ 35. Qxd2 Rxd2+ 36. Kxd2 Kb8 37. Ke3 Kc7 38. Kd4 Kd6 39.
c4 b6 40. h4 f5 41. h5 fxg4 42. hxg6 Ke6 43. Ke4 Kf6 0-1

[Event "4NCL/Div4/MONM vs. SLOS4"]
[Site "Nottingham ENG"]
[Date "2006.02.11"]
[Round "5.3"]
[White "Ralphs, Nigel"]
[Black "Sparkes, Daniel A"]
[Result "1/2-1/2"]
[WhiteElo "2038"]
[BlackElo "2030"]
[PlyCount "99"]
[EventDate "2006.02.11"]
[SourceDate "2005.10.25"]

1. e4 d5 2. exd5 Nf6 3. d4 Bg4 4. f3 Bf5 5. Bb5+ Nbd7 6. c4 a6 7. Bxd7+ Qxd7 8.
Ne2 b5 9. cxb5 Bxb1 10. Rxb1 axb5 11. Qb3 Nxd5 12. O-O e6 13. Nc3 c6 14. Nxd5
Qxd5 15. Qxd5 cxd5 16. a3 Bd6 17. Be3 Kd7 18. Rbc1 Ra4 19. g3 Rc8 20. Rxc8 Kxc8
21. Rc1+ Kd7 22. Kf2 b4 23. axb4 Rxb4 24. Rc2 Rc4 25. Rxc4 dxc4 26. Ke2 Kc6 27.
Kd2 Bb4+ 28. Kc2 Kd5 29. g4 g6 30. h3 Ba5 31. b3 cxb3+ 32. Kxb3 Bb6 33. Kc3 e5
34. Kd3 Bxd4 35. Bh6 f5 36. gxf5 gxf5 37. Ke2 Kc4 38. Bg7 h5 39. Bf6 e4 40.
fxe4 fxe4 41. Bg5 Kd5 42. Kf1 Ke5 43. Kg2 Kf5 44. Bd2 Be5 45. Be3 Bf4 46. Bb6
h4 47. Ba7 Bg3 48. Be3 Ke5 49. Kf1 Bf4 50. Bb6 1/2-1/2

[Event "4NCL/Div4/MONM vs. SLOS4"]
[Site "Nottingham ENG"]
[Date "2006.02.11"]
[Round "5.4"]
[White "Coates, David"]
[Black "Thomas, Jac"]
[Result "1-0"]
[WhiteElo "2025"]
[BlackElo "2020"]
[PlyCount "133"]
[EventDate "2006.02.11"]
[SourceDate "2005.10.25"]

1. e4 d6 2. d4 Nf6 3. Nc3 g6 4. Be3 c6 5. Qd2 Nbd7 6. Bd3 Bg7 7. Bh6 Bxh6 8.
Qxh6 Qa5 9. Nf3 Qh5 10. Qxh5 Nxh5 11. Ne2 O-O 12. a4 c5 13. O-O Nhf6 14. d5 c4
15. Bxc4 Nxe4 16. a5 Ndf6 17. h3 Bf5 18. Ned4 Bd7 19. Rfe1 Rac8 20. Bb3 Rfe8
21. Re3 Nc5 22. Rd1 Rc7 23. Ba2 Na4 24. Rb1 b6 25. Bb3 Nc5 26. axb6 axb6 27.
Bc4 Nb7 28. Ba2 Na5 29. Nd2 b5 30. Ra3 Nc4 31. Nxc4 bxc4 32. b3 Rb8 33. Re1 c3
34. Rxe7 Nxd5 35. Re1 Nb4 36. Bb1 Kg7 37. Ra5 Rbb7 38. Rg5 Be6 39. Rg3 Bd7 40.
Rge3 Nd5 41. Rd3 Rb4 42. Nf3 Bc6 43. Kh2 Bb7 44. Red1 Rb5 45. Rd4 Rcc5 46. Ne1
Nf6 47. b4 Rd5 48. Ba2 Rxd4 49. Rxd4 Ne4 50. Nd3 Rb6 51. Bc4 Nxf2 52. Nxf2 Rxb4
53. Nd3 Ra4 54. Rf4 d5 55. Bb3 Re4 56. Kg1 Re2 57. Rd4 h6 58. Nb4 Kf6 59. Rxd5
Bxd5 60. Nxd5+ Ke5 61. Nxc3 Re3 62. Na4 f5 63. Kf2 f4 64. Nb2 g5 65. Nc4+ Kd4
66. Nxe3 fxe3+ 67. Ke2 1-0

[Event "4NCL/Div4/MONM vs. SLOS4"]
[Site "Nottingham ENG"]
[Date "2006.02.11"]
[Round "5.5"]
[White "Waterfield, John"]
[Black "Lewis, Andrew"]
[Result "1-0"]
[WhiteElo "2035"]
[BlackElo "1990"]
[PlyCount "60"]
[EventDate "2006.02.11"]
[SourceDate "2005.10.25"]

1. e4 g6 2. d4 Bg7 3. Nc3 d6 4. Be3 a6 5. Qd2 Nd7 6. a4 b6 7. Nf3 e6 8. Bc4 h6
9. O-O Bb7 10. Qe2 Ne7 11. Nd2 c5 12. Nb3 O-O 13. dxc5 bxc5 14. Rad1 Qc7 15.
Qd2 Ne5 16. Be2 f5 17. Qxd6 Qxd6 18. Rxd6 c4 19. Nc5 Bc8 20. Nxe6 Bxe6 21. Rxe6
Kf7 22. Rb6 Rfc8 23. Rd1 fxe4 24. Nxe4 Rc7 25. f4 Nd7 26. Rbd6 Nf8 27. b3 cxb3
28. cxb3 Nf5 29. Bc4+ Ke7 30. R6d3 Ne6 1-0